| 000 | 00542nam a2200181 i 4500 | ||
|---|---|---|---|
| 001 | 27492 | ||
| 003 | ES-MaACL | ||
| 005 | 20230906153628.0 | ||
| 007 | t| | ||
| 008 | 030114s1965 an ||||1| cat d | ||
| 100 | 1 |
_aAubert, Jean-Marie. _923797 |
|
| 245 | 1 | 0 |
_aRecerca cientifica i fe cristiana / _cJean-Marie Aubert ; [Traduit per Rafael Mª Bofill]. |
| 250 | _a[1ª ed.]. | ||
| 260 |
_aAndorra : _bCasal i Vall, _c1965. |
||
| 300 |
_a168 p. ; _c19 cm. |
||
| 700 | 1 |
_aBofill, Rafael María. _929781 |
|
| 852 |
_aES-MaACL _jC-30027 _bR.60469 |
||
| 999 |
_c27492 _d27492 |
||